000 00641nam a2200229Ia 4500
005 20260320201940.0
008 008 262003s9999 xx 000 0 eng d
037 _aEBOOK
040 _aCRL
040 _beng
040 _cCRL
041 _2eng
041 _aeng
084 _qCRL
100 _aGanguly
245 0 _aQuantum Computing with Silq Programming: Get up and running with quantum computing with the simplicity of this new high-level programming language
260 _bIEEE
856 _uhttps://ieeexplore.ieee.org/servlet/opac?bknumber=10163610
942 _cEBOOK
999 _c1724443
_d1724443